Obálka Náhled e-knihy:
PDF Epub
Pro půjčování e-knih musíte být přihlášeni.
Jak si půjčit online?

Akadémia temna 2 – Nebezpečné putá /

Tento semester sa tajuplná Darkova akadémia sťahuje do New Yorku a Casie Bellová už nie je nevinný nováčik. Je silná, odhodlaná a skrýva svoje vlastné tajomstvá. Cassie bola totiž uvedená do sveta Vyvolených a musí sa vyrovnať so svojimi ohromujúcimi schopnosťami, nebezpečným milostným vzťahom a zlo...

Celý popis

Uloženo v:
Série:Akadémia temna, část 2
Hlavní autor: Sadloňová, Zora (Autor)
Médium: E-kniha
Jazyk:Czech
Vydáno: Praha : Albatros Media Slovakia s.r.o., 2016
Příbuzné jednotky:Z cyklu:: Akadémia temna
Tagy:
Žádné tagy
LEADER 01707nam a22002417i 4500
001 310506
007 ta
008 260601s2016 xr ||||| |||| 00| 0 cze d
020 |a 9788080896454 
044 |a xr 
100 1 |a  Sadloňová, Zora  |4 aut 
245 1 0 |a Akadémia temna 2 – Nebezpečné putá /  |c  Sadloňová, Zora 
264 1 |a Praha :  |b Albatros Media Slovakia s.r.o.,  |c 2016 
300 |a 1 online zdroj (272 stran) 
336 |a text  |b txt  |2 rdacontent 
337 |a bez média  |b n  |2 rdamedia 
338 |a online zdroj  |b cr  |2 rdacarrier 
520 2 |a Tento semester sa tajuplná Darkova akadémia sťahuje do New Yorku a Casie Bellová už nie je nevinný nováčik. Je silná, odhodlaná a skrýva svoje vlastné tajomstvá. Cassie bola totiž uvedená do sveta Vyvolených a musí sa vyrovnať so svojimi ohromujúcimi schopnosťami, nebezpečným milostným vzťahom a zlovoľným duchom vo svojom vnútri, ktorý si žiada potravu. Keď sa vráti starý nepriateľ a prahne po pomste, Cassie spadne na samotné dno. Zachráni svojich priateľov od strašného osudu, ktorý ich čaká alebo ich zničí, aby spasila samú seba?Kdekoľvek sa objaví Darkova akadémia, tam je smrť veľmi blízko... 
787 0 8 |g 2  |i Z cyklu:  |t Akadémia temna 
910 |a RBIT002 
998 |d 170928  |a https://core.palmknihy.cz/api/books/170928/cover?th6xb0  |b https://core.palmknihy.cz/api/books/170928/cover/400?ic856g  |c https://core.palmknihy.cz/api/books/170928/cover/50?91sgfp  |e   |g 272  |i 9788080896454  |j https://core.palmknihy.cz/api/books/170928/preview.epub  |k https://core.palmknihy.cz/api/books/170928/preview.pdf  |l   |q 49  |r 1  |s https://www.palmknihy.cz/kniha/170928  |t ebook  |y 2016  |z 1  |v Akadémia temna  |w 2 
999 |d 310504